Desarrollo humano en Chile 2012: bienestar subjetivo. El desafío de repensar el desarrollo

Salvato in:
Dettagli Bibliografici
Enti autori: PNUD (Autore), Programa de las Naciones Unidas para el Desarrollo (Autore)
Natura: Libro
Lingua:spagnolo
Pubblicazione: Santiago Programa de las Naciones Unidas para el Desarrollo 2012
Soggetti:
Tags: Aggiungi Tag
Nessun Tag, puoi essere il primo ad aggiungerne!!

MARC

LEADER 00000cam a2200000 a 4500
001 UCF3507
003 CL-VaPUC
008 121018e20120800CL |||||||||||||||||spa|d
020 |a 9789567469321 
082 0 4 |a 338  |b PNU  |2 21 
110 2 |a PNUD  |e author  |9 565345 
710 2 |a Programa de las Naciones Unidas para el Desarrollo  |e author  |9 565346 
245 1 0 |a Desarrollo humano en Chile 2012: bienestar subjetivo. El desafío de repensar el desarrollo 
300 |a 381 p 
942 |c BK 
945 |d 20121018 00:00:00  |a dcastane 
260 |a Santiago  |b Programa de las Naciones Unidas para el Desarrollo  |c 2012 
650 0 |a Desarrollo humano  |9 349614 
650 0 |a Desarrollo económico y social   |9 256320 
650 7 |a POLITICAS DE DESARROLO  |2 CL-VaPUC  |9 499850 
650 7 |a BIENESTAR  |2 CL-VaPUC  |9 356849 
583 |a last modification  |c 20121018 14:27:00  |k Rodrigo Vera 
999 |c 349810  |d 349808 
952 |0 0  |1 0  |4 0  |6 338_000000000000000_PNU_2012  |7 0  |8 F  |9 452601  |a BIBENE  |b BIBENE  |d 2019-11-22  |i 4916131  |o 338 PNU 2012  |p 4916131  |r 2025-01-15  |w 2019-11-22  |y BK_F  |k ICO 
952 |0 0  |1 0  |4 0  |6 338_000000000000000_PNU_2012  |7 0  |8 F  |9 452602  |a BIBGIM  |b BIBGIM  |d 2019-11-22  |i 4917855  |l 2  |o 338 PNU 2012  |p 4917855  |r 2025-01-15  |s 2023-09-29  |w 2019-11-22  |y BK_F  |k GIM